000 005410000a22001930004500
001 003519
003 MACL
005 20150731151906.0
008 150731b xxu||||| |||| 00| 0 eng d
040 _aMACL
_cMACL
041 _aEnglish
082 _a360/VIJ
100 _aVijayalakshmi, Peddiboyina
_93791
245 _aForeign Television & Indian Youth
_bChanging Attitudes
_cPeddiboyina Vijayalakshmi
260 _aNew Delhi
_c2005
_bConcept Publishing company,
350 _a250
650 _aSocial Science
_93792
942 _k360
_cBK
_2ddc
999 _c15419
_d15419